Vlastivedný slovník obcí na Slovensku 2

Salvato in:
Dettagli Bibliografici
Natura: Libro
Lingua:slovacco
Pubblicazione: Bratislava VEDA 1977
Tags: Aggiungi Tag
Nessun Tag, puoi essere il primo ad aggiungerne!!

MARC

LEADER 00000nam a2200000 4500
001 c120111
005 20250515093551.7
041 0 |a slo 
044 |a SK 
245 1 0 |a Vlastivedný slovník obcí na Slovensku 2 
264 1 |a Bratislava  |b VEDA  |c 1977 
300 |a 517 s.